Statistics for Countries with the most contributed UN peacekeepers

Click here to take the quiz!

General Stats

  • This quiz has been taken 51 times
  • The average score is 9 of 15

Answer Stats

RankNo. of peacekeepersAnswer% Correct
2.7.713India
87%
12.2.622China
83%
3.7.160Pakistan
80%
4.6.872Bangladesh
74%
10.2.864Indonesia
74%
14.2.156Niger
65%
8.3.069Egypt
63%
1.8.333Ethiopia
63%
15.2.042Nigeria
61%
13.2.324Tanzania
54%
6.5.102Nepal
43%
9.2.973Ghana
41%
7.3.731Senegal
39%
5.6.163Rwanda
37%
11.2.643Burkina Faso
30%

Score Distribution

Percentile by Number Answered

Percent of People with Each Score

Your Score History

You have not taken this quiz